Managerial accounting (Record no. 3558)

MARC details
005 - DATE AND TIME OF LATEST TRANSACTION
control field 20250610060550.0
020 ## - INTERNATIONAL STANDARD BOOK NUMBER
International Standard Book Number 978-0-697-80457-0
082 ## - DEWEY DECIMAL CLASSIFICATION NUMBER
Classification number LECT 658.152 GAR
100 ## - MAIN ENTRY--PERSONAL NAME
Author name GARRISON, R. H.
245 ## - TITLE STATEMENT
Title Managerial accounting
250 ## - EDITION STATEMENT
Edition statement 14th Ed.
260 ## - PUBLICATION, DISTRIBUTION, ETC.
Place of publication, distribution, etc. Boston,
Name of publisher, distributor, etc. McGraw-Hill,
Date of publication, distribution, etc. 2012.
300 ## - PHYSICAL DESCRIPTION
Extent iv, 260p.: ill.; chart, figure, graph, picture, table.
Other physical details Index,
Dimensions 27cm.
700 ## - ADDED ENTRY--PERSONAL NAME
Other authors/Editors NOREEN, E. W. & BREWER, P. C.
942 ## - ADDED ENTRY ELEMENTS (KOHA)
Source of classification or shelving scheme Dewey Decimal Classification
Koha item type Books
Holdings
Date last seen Total checkouts Full call number Barcode Cost, replacement price Price effective from Koha item type Lost status Source of classification or shelving scheme Damaged status Not for loan Withdrawn status Home library Current library Shelving location Date acquired Cost, normal purchase price
06/27/2025   658.1511GAR DOM000373 90000.00 06/27/2025 Books   Dewey Decimal Classification       CBE Dodoma CBE Dodoma General Collection 11/28/2014 30000.00
06/28/2025   658.15GAR DOM000216 90000.00 06/28/2025 Books   Dewey Decimal Classification       CBE Dodoma CBE Dodoma General Collection 11/28/2014 30000.00
06/28/2025   658.15GAR DOM000225 90000.00 06/28/2025 Books   Dewey Decimal Classification       CBE Dodoma CBE Dodoma General Collection 11/28/2014 30000.00
06/10/2025   LECT 658.152 GAR 00000011775 90000.00 06/09/2025 Books   Dewey Decimal Classification       College of Business Education Main Library College of Business Education Main Library General Collection 11/28/2014 30000.00